000 005570000a22001810004500
003 MACL
005 20160514154653.0
008 160514b xxu||||| |||| 00| 0 eng d
040 _aMACL
_cMACL
041 _aHindi
082 _a891.433
100 _aतिवारी, रीमा
_947861
245 _aइटली की कहानियां
_cरीमा तिवारी
260 _bसाहित्‍य सृष्टि
_c2004
_aदिल्‍ली
350 _a200
650 _aStory
_957166
942 _cHIN
_k891.433/GOR/S
_2ddc
999 _c9354
_d9354